| 000 | 02027cam a2200361 a 4500 | ||
|---|---|---|---|
| 008 | |||
| 020 | _a0199632065 | ||
| 020 | _a0199632103 (pbk.) | ||
| 049 | _aMAIN | ||
| 090 | _aQP551PRO | ||
| 245 | 0 | 0 |
_aProtein targeting : _ba practical approach / _cedited by Anthony I. Magee and Thomas Wileman. |
| 260 |
_aOxford ; _aNew York : _bIRL Press at Oxford University Press, _cc1992. |
||
| 300 |
_axix, 267 p. : _bill. ; _c25 cm. |
||
| 440 | 4 | _aThe Practical approach series | |
| 504 | _aIncludes bibliographical references. | ||
| 500 | _aIncludes index. | ||
| 505 | 0 | _aReceptor-mediated endocytosis and lysosomal transport / Catherine M. Nolan -- Membrane traffic pathways in polarized epithelial cells / Juliet A. Ellis ... [et al.] -- Sorting between exocytic pathways in PC12 cells / Louise P. Cramer and Daniel F. Cutler -- Intracellular trafficking in fission yeast / John Armstrong, Erica Fawell and Alison Pidoux -- Network antibodies as tools for studying intracellular protein traffic / David Vaux -- Protein targeting to mitochondria / Ulla Wienhues ... [et al.] -- Techniques in nuclear protein transport / Colin Dingwall -- In vitro reconstitution of endocytic vesicle fusion / Jean Gruenberg and Jean-Pierre Gorvel -- In vitro reconstitution of vesicular transport from the endoplasmic reticulum to the cis Golgi in semi-intact cells / Ruth Schwaninger -- Lipid modifications involved in protein targeting / Wayne J. Masterson and Anthony I. Magee. | |
| 650 | 0 |
_aProteins _xPhysiological transport. |
|
| 650 | 0 |
_aProteins _xSecretion. |
|
| 653 | 0 | _aProteins | |
| 650 | 2 |
_aEukaryotic Cells _xphysiology. |
|
| 650 | 2 |
_aBiological Transport _xphysiology. |
|
| 650 | 2 |
_aProteins _xsecretion. |
|
| 650 | 7 |
_aProteinas. _2larpcal |
|
| 650 | 7 |
_aBioquimica. _2larpcal |
|
| 700 | 1 | _aMagee, Anthony I. | |
| 700 | 1 | _aWileman, Thomas. | |
| 907 |
_a.b10055289 _b05-01-06 _c17-04-03 |
||
| 003 | |||
| 005 | 20230123134135.0 | ||
| 040 | _cNUST | ||
| 942 |
_cBOOKS _kQP551PRO |
||
| 999 |
_c160743 _d160743 |
||